Changing Time - Shaping World : Changemakers in Arts and Education.

Bibliographic Details
Main Author: Loffredo, Anna Maria.
Other Authors: Wenrich, Rainer., Axelsson, Charlotte., Kröger, Wanja.
Format: eBook
Language:English
Published: Bielefeld : Transcript Verlag, 2023.
Edition:1st ed.
Series:Medien- und Gestaltungsästhetik Series
Subjects:
Online Access:Click to View
LEADER 01634nam a22004093i 4500
001 EBC30469295
003 MiAaPQ
005 20231204023230.0
006 m o d |
007 cr cnu||||||||
008 231204s2023 xx o ||||0 eng d
020 |a 9783839461358  |q (electronic bk.) 
035 |a (MiAaPQ)EBC30469295 
035 |a (Au-PeEL)EBL30469295 
035 |a (OCoLC)1402816739 
040 |a MiAaPQ  |b eng  |e rda  |e pn  |c MiAaPQ  |d MiAaPQ 
082 0 |a 700.71 
100 1 |a Loffredo, Anna Maria. 
245 1 0 |a Changing Time - Shaping World :  |b Changemakers in Arts and Education. 
250 |a 1st ed. 
264 1 |a Bielefeld :  |b Transcript Verlag,  |c 2023. 
264 4 |c ©2022. 
300 |a 1 online resource (310 pages) 
336 |a text  |b txt  |2 rdacontent 
337 |a computer  |b c  |2 rdamedia 
338 |a online resource  |b cr  |2 rdacarrier 
490 1 |a Medien- und Gestaltungsästhetik Series ;  |v v.16 
588 |a Description based on publisher supplied metadata and other sources. 
590 |a Electronic reproduction. Ann Arbor, Michigan : ProQuest Ebook Central, 2023. Available via World Wide Web. Access may be limited to ProQuest Ebook Central affiliated libraries.  
655 4 |a Electronic books. 
700 1 |a Wenrich, Rainer. 
700 1 |a Axelsson, Charlotte. 
700 1 |a Kröger, Wanja. 
776 0 8 |i Print version:  |a Loffredo, Anna Maria  |t Changing Time - Shaping World  |d Bielefeld : Transcript Verlag,c2023 
797 2 |a ProQuest (Firm) 
830 0 |a Medien- und Gestaltungsästhetik Series 
856 4 0 |u https://ebookcentral.proquest.com/lib/matrademy/detail.action?docID=30469295  |z Click to View